| 000 | 00684nam a22002175i 4500 | ||
|---|---|---|---|
| 001 | 173520 | ||
| 003 | ES-MaACL | ||
| 005 | 20250628063348.0 | ||
| 008 | 091204s2002 uy |||| | spa d | ||
| 020 | _a9974-1-0253-7 | ||
| 080 | _a821.134.2(899)-32"19" | ||
| 100 | 1 |
_aCipriani, Carlos. _9141725 _eaut |
|
| 245 | 1 | 0 |
_aRamiro Guzmán : _bel vacío repleto / _cCarlos Cipriani. |
| 260 |
_aMontevideo : _bLa Banda Oriental, _c2002. |
||
| 300 |
_a239 páginas ; _c22 cm. |
||
| 500 | _aDonativo doctor Calles | ||
| 852 |
_aES-MaACL _jE-13220 _cDEPO2 _hDonativo doctor Calles |
||
| 942 |
_2udc _cMONOGRAFIA _n0 |
||
| 999 |
_c173520 _d173520 |
||